000 00666nam a2200181 4500
001 123215
003 ES-MaACL
007 t|
008 070214s1983 sp r ||||0| spa d
245 0 0 _aPsicología genética y aprendizajes escolares
_b: recopilación de textos sobre las aplicaciones pedagógicas de las teorías de Piaget /
_ccompilación de César Coll.
260 _aMadrid :
_bSiglo Veintiuno,
_c1983.
300 _a224 p :
_bil ;
_c24 cm.
490 1 _aPsicología y Etología
700 1 _aColl, César.
_939612
830 0 0 _aPsicología y etología (Siglo XXI)
_9179901
852 _aES-MaACL
_jL-5122
_bR.105591
999 _c123215
_d123215